[Event "Mecklenburg VP LL2 Ost 1112"]
[Site "Mecklenburg VP"]
[Date "2011.11.20"]
[Round "3.6"]
[White "Tabbert, Dirk"]
[Black "Wolski, Gunther"]
[Result "1/2-1/2"]
[WhiteElo "1617"]
[BlackElo "1505"]
[PlyCount "87"]
[EventDate "2011.10.02"]
[EventType "team-tourn"]
[EventRounds "9"]
[EventCountry "GER"]
[SourceTitle "EXT 2022"]
[Source "ChessBase"]
[SourceDate "2021.10.06"]
[SourceVersion "1"]
[SourceVersionDate "2021.10.06"]
[SourceQuality "1"]
[WhiteTeam "Bergen Rugia"]
[BlackTeam "Warnemuende SF Ostsee II"]
[WhiteTeamCountry "GER"]
[BlackTeamCountry "GER"]

1. c4 Nf6 2. Nc3 e6 3. g3 d5 4. cxd5 exd5 5. Bg2 c6 6. b3 Be7 7. Bb2 Bf5 8. Nf3 Nbd7 9. 0-0 0-0 10. h3 h6 11. Kh2 Qc7 12. Nd4 Bh7 13. Rc1 a6 14. Nxd5 Nxd5 15. Bxd5 Qa5 16. Bxc6 Nc5 17. Bxb7 Nxb7 18. Nc6 Qc7 19. Nxe7+ Qxe7 20. f3 Rfe8 21. e4 Nd8 22. d4 Ne6 23. e5 Rac8 24. d5 Rxc1 25. Qxc1 Nf8 26. Qc6 Bd3 27. Re1 Bb5 28. Qc3 Qg5 29. f4 Qg6 30. a4 Bd7 31. g4 Rc8 32. Qe3 Rc2+ 33. Re2 Rxe2+ 34. Qxe2 Qb6 35. Qc2 Qe3 36. f5 Qf4+ 37. Kg2 h5 38. e6 fxe6 39. fxe6 Nxe6 40. dxe6 Bxe6 41. gxh5 Bd5+ 42. Kg1 Qg3+ 43. Kf1 Qxh3+ 44. Ke1 1/2-1/2

[Event "Mecklenburg VP LL2 Ost 0910"]
[Site "Mecklenburg VP"]
[Date "2009.12.13"]
[Round "4.6"]
[White "Luther, Alexander"]
[Black "Wolski, Gunther"]
[Result "1/2-1/2"]
[WhiteElo "1621"]
[BlackElo "1487"]
[PlyCount "56"]
[EventDate "2009.10.18"]
[EventType "team-tourn"]
[EventRounds "9"]
[EventCountry "GER"]
[SourceTitle "EXT 2016"]
[Source "ChessBase"]
[SourceDate "2015.10.08"]
[SourceVersion "1"]
[SourceVersionDate "2015.10.08"]
[SourceQuality "1"]
[WhiteTeam "Guestrow/Teterow"]
[BlackTeam "Warnemuende SF Ostsee II"]
[WhiteTeamCountry "GER"]
[BlackTeamCountry "GER"]

1. e4 c6 2. d4 d5 3. Nc3 dxe4 4. Nxe4 Bf5 5. Ng3 Bg6 6. Nf3 h6 7. Bd3 Bxd3 8. Qxd3 Nd7 9. Bd2 e6 10. Bc3 Ngf6 11. b3 Nd5 12. Bb2 Be7 13. 0-0 Bf6 14. Ne4 Be7 15. c4 N5f6 16. Nxf6+ Bxf6 17. Qe2 0-0 18. Rad1 Qc7 19. Ne5 Rad8 20. Qh5 Be7 21. Nxd7 Rxd7 22. Qg4 Bf6 23. Bc1 Kh7 24. Bf4 Qd8 25. Be5 Bxe5 26. dxe5 Rxd1 27. Rxd1 Qa5 28. Qe2 Rd8 1/2-1/2

[Event "Mecklenburg VP LL2 Ost 0910"]
[Site "Mecklenburg VP"]
[Date "2009.11.15"]
[Round "2.7"]
[White "Wolski, Gunther"]
[Black "Draeger, Julian"]
[Result "0-1"]
[WhiteElo "1487"]
[BlackElo "1382"]
[PlyCount "107"]
[EventDate "2009.10.18"]
[EventType "team-tourn"]
[EventRounds "9"]
[EventCountry "GER"]
[SourceTitle "EXT 2016"]
[Source "ChessBase"]
[SourceDate "2015.10.08"]
[SourceVersion "1"]
[SourceVersionDate "2015.10.08"]
[SourceQuality "1"]
[WhiteTeam "Warnemuende SF Ostsee II"]
[BlackTeam "Gryps SV"]
[WhiteTeamCountry "GER"]
[BlackTeamCountry "GER"]

1. d4 Nf6 2. Bg5 e6 3. Bxf6 Qxf6 4. e3 c5 5. Nf3 Nc6 6. c3 b6 7. Be2 Bb7 8. Nbd2 Bd6 9. Ne4 Qe7 10. Qc2 cxd4 11. exd4 0-0 12. 0-0 Bc7 13. Rfe1 f5 14. Ng3 f4 15. Ne4 d5 16. Neg5 Rf5 17. h4 h6 18. Bd3 Rf6 19. Nh3 e5 20. dxe5 Nxe5 21. Nxe5 Bxe5 22. Qe2 Re8 23. Bb5 Bc6 24. Bxc6 Rxc6 25. Nxf4 Qxh4 26. Qf3 Rd6 27. g3 Qf6 28. Qd3 Rf8 29. Nh3 g5 30. Qe2 Re6 31. Kg2 Qf5 32. Rad1 Rd8 33. Qd3 Qf6 34. Qf3 Kf7 35. Qxf6+ Kxf6 36. g4 d4 37. cxd4 Bxd4 38. Rxe6+ Kxe6 39. Ng1 Rd5 40. b3 Ke5 41. Ne2 Bc5 42. Rxd5+ Kxd5 43. Kf3 a6 44. Nc3+ Kd4 45. Ne4 Kd3 46. Nxc5+ bxc5 47. a3 a5 48. Kg3 Kc3 49. f4 gxf4+ 50. Kxf4 Kxb3 51. Kf5 c4 52. Kg6 c3 53. Kxh6 c2 54. g5 0-1